Statistiken für Präsidenten der USA Quiz

Klicken Sie hier um das Quiz zu spielen!

Allgemein

  • Dieses Quiz wurde 24.267 mal gespielt
    (7.942 seit der letzten Aktualisierung)
  • Das Durchschnittsergebnis liegt bei 24 aus 45

Antwortstatistiken

ZeitspannePräsident% Korrekt
2017-2021Donald Trump
99%
2009-2017Barack Obama
99%
2021-Joe Biden
98%
1989-1993George H.W. Bush
94%
2001-2009George W. Bush
94%
1789-1797George Washington
94%
1993-2001Bill Clinton
88%
1961-1963John F. Kennedy
88%
1861-1865Abraham Lincoln
87%
1933-1945Franklin D. Roosevelt
79%
1901-1909Theodore Roosevelt
79%
1981-1989Ronald Reagan
75%
1969-1974Richard Nixon
73%
1953-1961Dwight D. Eisenhower
65%
1977-1981Jimmy Carter
60%
1945-1953Harry Truman
59%
1963-1969Lyndon B. Johnson
58%
1801-1809Thomas Jefferson
58%
1865-1869Andrew Johnson
57%
1974-1977Gerald R. Ford
56%
1825-1829John Quincy Adams
51%
1797-1801John Adams
51%
1929-1933Herbert Hoover
45%
1913-1921Woodrow Wilson
43%
1829-1837Andrew Jackson
39%
1885-1889, 1893-1897Grover Cleveland
37%
1869-1877Ulysses S. Grant
37%
1889-1893Benjamin Harrison
36%
1841William Henry Harrison
36%
1881James Garfield
36%
1809-1817James Madison
34%
1817-1825James Monroe
34%
1909-1913William Taft
33%
1837-1841Martin Van Buren
32%
1849-1850Zachary Taylor
30%
1841-1845John Tyler
29%
1923-1929Calvin Coolidge
29%
1897-1901William McKinley
29%
1857-1861James Buchanan
29%
1921-1923Warren Harding
27%
1845-1849James K. Polk
27%
1881-1885Chester A. Arthur
26%
1850-1853Millard Fillmore
25%
1877-1881Rutherford B. Hayes
25%
1853-1857Franklin Pierce
25%

Verteilung der Resultate

Perzentil nach korrekt beantworteten Fragen

Anzahl Personen mit jedem Resultat

Ihre Resultats-Entwicklung

Sie haben dieses Quiz seit der letzten Aktualisierung nicht gespielt